| 000 | 01229nam a22003137a 4500 | ||
|---|---|---|---|
| 001 | 472 | ||
| 003 | OSt | ||
| 005 | 20250902101721.0 | ||
| 008 | 250902b |||||||g |||| 00| 1 por d | ||
| 020 | _a9788506067055 | ||
| 040 | _bpor | ||
| 041 | 1 |
_apor _heng |
|
| 082 | 0 | 4 |
_a028.5 _bA757b |
| 100 | 1 |
_aArnold, Nick. _91012 |
|
| 240 | 0 | 0 | _aUgly Bugs : |
| 245 | 1 | 0 |
_aBichos nojentos / _cNick Arnold ; ilustrado por Tony De Saulles ; [tradução de Antonio Carlos Vilela]. |
| 250 | _a1. ed. | ||
| 260 |
_aSão Paulo : _bMelhoramentos, _c2002. |
||
| 300 |
_a127 p. : _bil. ; |
||
| 520 | _aObserve as terríveis famílias de bichos, descubra os segredos de cientistas estranhos e teste as técnicas de camuflagem de vários insetos. Repleto de informações assustadoras, desafios malucos e testes que você pode aplicar no seu professor, este livro vai aguçar a curiosidade infantil com muito humor e diversão nojenta. | ||
| 650 | 0 |
_aLiteratura Inglesa _989 |
|
| 650 | 0 |
_aInfantojuvenil _9200 |
|
| 650 | 0 |
_aBiologia _91018 |
|
| 655 | 0 |
_aNão Ficção _9102 |
|
| 700 | 1 |
_aDe Saulles, Tony. _eILUSTRADOR _91014 |
|
| 700 | 1 |
_aVilela, Antonio Carlos, _d1966- _eTradutor _91015 |
|
| 830 |
_aSaber horrível _91013 |
||
| 942 |
_2ddc _n0 _cBK |
||
| 999 |
_c472 _d472 |
||